| 000 | 00698cam a2200241 a 4500 | ||
|---|---|---|---|
| 001 | 13596594 | ||
| 005 | 20180112072218.0 | ||
| 008 | 040518s2004 nyua 001 0aeng | ||
| 010 | _a 2004107564 | ||
| 020 | _a9780375414572 (hardcover) | ||
| 020 | _a0375414576 | ||
| 040 |
_aDLC _cDLC _dDLC |
||
| 041 | _aeng | ||
| 043 | _an-us--- | ||
| 080 | _a973.929.092 BIL | ||
| 082 | 0 | 0 |
_a973.929.092 BIL _aB _222 |
| 100 | 1 | _a20 | |
| 101 | _aPOL | ||
| 245 | 1 | 0 |
_aMy life / _cBill Clinton. |
| 906 |
_a7 _bcbc _corignew _d1 _eepcn _f20 _gy-gencatlg |
||
| 942 |
_2ddc _cBK |
||
| 999 |
_c40212 _d40212 |
||